000 00537 a2200157 4500
001 ART_45077
005 20260410162038.0
008 260409a
245 1 0 _aLa pobreza: en el encuentro del ordenamiento territorial y la lucha contra la desertificación
100 1 _aAbraham, Elena
700 1 _aLaurelli, Elsa
700 1 _aMontaña, Elma
700 1 _aPastor, Gabriela
700 1 _aTorres, Laura María
773 0 _tRevista de estudios regionales y mercado de trabajo
_g- N° 3 (ene./dic. 2007)
_wREV44894
999 _c34647
_d34647